[Event "World Youth Open U18 2016"]
[Site "Khanty-Mansiysk RUS"]
[Date "2016.09.29"]
[Round "7.8"]
[White "Song, Michael"]
[Black "Timerkhanov, Alexander"]
[Result "1-0"]
[WhiteTitle "FM"]
[BlackTitle "FM"]
[WhiteElo "2413"]
[BlackElo "2340"]
[WhiteFideId "2613190"]
[BlackFideId "24177938"]
[EventDate "2016.09.22"]

1. e4 c5 2. Nc3 Nc6 3. Nge2 d6 4. d4 cxd4 5. Nxd4 Nf6 6. Bg5 e6 7. Qd2 Be7 8.
O-O-O a6 9. f4 Qc7 10. Bxf6 gxf6 11. Be2 h5 12. Rhf1 Bd7 13. Rf3 Qb6 14. Nb3
O-O-O 15. Rh3 h4 16. Qe1 Rhg8 17. Bf3 Rg7 18. Kb1 Qc7 19. Qxh4 f5 20. Qh6 Rg6
21. Qh7 fxe4 22. Bxe4 Rf6 23. g3 d5 24. Bd3 Kb8 25. Rh6 Bc8 26. Qg7 Rxh6 27.
Qxh6 f6 28. Qh7 b5 29. h4 Nb4 30. Nd4 Bc5 31. Qxc7+ Kxc7 32. Bg6 Bxd4 33. Rxd4
Nc6 34. Rd3 Rg8 35. h5 Ne7 36. f5 b4 37. Ne2 e5 38. g4 Bd7 39. Ng3 Rh8 40. Bf7
Bc6 41. c3 bxc3 42. bxc3 Kb6 43. Rd2 Kc5 44. Rh2 Kc4 45. Ne4 Kd3 46. Nxf6 e4 47.
g5 e3 48. Kc1 d4 49. Ng4 Be4 50. f6 Nf5 51. g6 Kxc3 52. g7 Rb8 53. Bb3 d3 54.
Nxe3 Nxe3 55. f7 Rxb3 56. axb3 Bg2 57. Rxg2 Nxg2 58. f8=Q d2+ 59. Kd1 Ne3+ 60.
Ke2 d1=Q+ 61. Kxe3 Qd4+ 62. Kf3 Qd3+ 63. Kg4 Qd4+ 64. Kg5 Qe5+ 65. Kg6 Qe4+ 66.
Qf5 Qe8+ 67. Kh7 1-0

[Event "World Youth Open U18 2016"]
[Site "Khanty-Mansiysk RUS"]
[Date "2016.09.29"]
[Round "7.9"]
[White "Jarmula, Lukasz"]
[Black "Kalogeris, Ioannis"]
[Result "1-0"]
[WhiteTitle "IM"]
[WhiteElo "2466"]
[BlackElo "2271"]
[WhiteFideId "1160664"]
[BlackFideId "4239563"]
[EventDate "2016.09.22"]

1. e4 d6 2. d4 Nf6 3. f3 c5 4. d5 a6 5. c4 e6 6. a4 exd5 7. cxd5 g6 8. Nc3 Bg7
9. Bg5 h6 10. Be3 Nbd7 11. Nh3 O-O 12. Nf2 Qa5 13. Be2 Re8 14. O-O Nf8 15. Qd2
h5 16. Bf4 Qd8 17. a5 Qe7 18. Na4 N6d7 19. Rac1 Bd4 20. b4 Qf6 21. Kh1 cxb4 22.
Bg5 Qg7 23. Qxb4 Nc5 24. Nb6 Rb8 25. Bf4 Qf6 26. Bg3 h4 27. Bxd6 Qxd6 28. Qxd4
Nb3 29. Qa4 Nxc1 30. Rxc1 Nd7 31. Ng4 Qf4 32. Qa1 Rd8 33. Nxd7 Bxd7 34. Nf6+ Kf8
35. d6 Rbc8 36. Nxd7+ Ke8 37. Rc7 Qxd6 38. Qh8+ Ke7 39. Qxh4+ Ke8 40. Nf6+ 1-0

[Event "World Youth Open U18 2016"]
[Site "Khanty-Mansiysk RUS"]
[Date "2016.09.29"]
[Round "7.10"]
[White "Vogel, Roven"]
[Black "Rahman, Adel"]
[Result "0-1"]
[WhiteTitle "IM"]
[BlackTitle "FM"]
[WhiteElo "2415"]
[BlackElo "2324"]
[WhiteFideId "12908088"]
[BlackFideId "14204177"]
[EventDate "2016.09.22"]

1. Nf3 d5 2. d4 Nf6 3. c4 c6 4. Nc3 dxc4 5. a4 Bf5 6. e3 e6 7. Bxc4 Bb4 8. O-O
Nbd7 9. Qe2 Bg6 10. Ne5 Nxe5 11. dxe5 Nd7 12. f4 Nb6 13. Rd1 Qh4 14. g3 Qh3 15.
Bb3 O-O 16. Bd2 Rad8 17. Rdc1 a5 18. Be1 Bd3 19. Qg2 Qxg2+ 20. Kxg2 Nc4 21. Bxc4
Bxc4 22. Kf2 Rd3 23. Ne4 Bxe1+ 24. Rxe1 Rb3 25. Reb1 Rd8 26. Nd6 Bd3 27. Rd1
Rxb2+ 28. Kg1 Be2 29. Rab1 Rxb1 30. Rxb1 b5 31. axb5 cxb5 32. Nxb5 Rb8 33. Nc3
Rxb1+ 34. Nxb1 Kf8 35. Nc3 Bc4 36. Kf2 Ke7 37. e4 Kd7 38. Ke3 Kc6 39. Kd4 Bb3
40. Ne2 a4 41. Kc3 Kc5 42. Nd4 Bd1 43. f5 Bg4 44. f6 gxf6 45. exf6 e5 46. Nf5
Bxf5 47. exf5 e4 48. g4 a3 49. g5 a2 50. Kb2 e3 51. g6 e2 52. gxf7 a1=Q+ 0-1

[Event "World Youth Open U18 2016"]
[Site "Khanty-Mansiysk RUS"]
[Date "2016.09.29"]
[Round "7.11"]
[White "Saiyn, Zhanat"]
[Black "Urazayev, Arystanbek"]
[Result "0-1"]
[WhiteTitle "IM"]
[BlackTitle "CM"]
[WhiteElo "2405"]
[BlackElo "2377"]
[WhiteFideId "13703820"]
[BlackFideId "13709810"]
[EventDate "2016.09.22"]

1. d4 Nf6 2. c4 e6 3. Nc3 Bb4 4. e3 O-O 5. Bd3 d5 6. Nf3 Nc6 7. O-O dxc4 8. Bxc4
Bd6 9. Nb5 Be7 10. a3 a6 11. Nc3 Bd6 12. Qc2 e5 13. h3 h6 14. Rd1 Bd7 15. b4
exd4 16. exd4 Ne7 17. Ne5 Be6 18. Bxe6 fxe6 19. Na4 b6 20. Nc5 bxc5 21. dxc5
Bxe5 22. Rxd8 Rfxd8 23. Rb1 Bd4 24. Qc4 Rd5 25. Be3 e5 26. a4 Kf8 27. Bxd4 exd4
28. Re1 Nc6 29. b5 axb5 30. axb5 Ne5 31. Qb4 d3 32. b6 c6 33. b7 Rb8 34. Qa3 Rd7
35. f4 Nf7 36. Re3 d2 37. Rd3 Rxd3 38. Qxd3 Rxb7 0-1

[Event "World Youth Open U18 2016"]
[Site "Khanty-Mansiysk RUS"]
[Date "2016.09.29"]
[Round "7.12"]
[White "Marek, Matyas"]
[Black "Bayramov, Zaur"]
[Result "1-0"]
[WhiteTitle "FM"]
[WhiteElo "2381"]
[BlackElo "2297"]
[WhiteFideId "335398"]
[BlackFideId "13405080"]
[EventDate "2016.09.22"]

1. e4 c6 2. d4 d5 3. e5 Bf5 4. h4 h5 5. Bd3 Bxd3 6. Qxd3 e6 7. Bg5 Qb6 8. Nd2
Nd7 9. Ne2 Ne7 10. O-O Nf5 11. Nf3 a5 12. b3 Be7 13. Bxe7 Kxe7 14. c4 a4 15.
cxd5 cxd5 16. Nc3 axb3 17. Qxf5 exf5 18. Nxd5+ Ke6 19. Nxb6 Nxb6 20. axb3 Rhc8
21. Rxa8 Rxa8 22. Rc1 Rc8 23. Ra1 f6 24. Ra5 Nd5 25. Ra7 Rc1+ 26. Kh2 Rc2 27.
Rxb7 Rxf2 28. Rxg7 Ne3 29. exf6 Kxf6 30. Rg8 Kf7 31. Rg5 Kf6 32. Ne5 Ng4+ 33.
Kg3 f4+ 34. Kh3 Ne3 35. b4 Rf1 36. Kh2 Rb1 37. Rxh5 Rxb4 38. Rg5 Nf1+ 39. Kh3
Rxd4 40. Ng4+ Kf7 41. h5 Nd2 42. h6 Ne4 43. Rg7+ Kf8 44. Ne5 Nf2+ 45. Kh2 Rb4
46. Nd7+ Ke8 1-0

[Event "World Youth Open U18 2016"]
[Site "Khanty-Mansiysk RUS"]
[Date "2016.09.29"]
[Round "7.13"]
[White "Thybo, Jesper Sondergaard"]
[Black "Vaishali, R"]
[Result "1/2-1/2"]
[WhiteTitle "FM"]
[BlackTitle "WIM"]
[WhiteElo "2358"]
[BlackElo "2295"]
[WhiteFideId "1438832"]
[BlackFideId "5091756"]
[EventDate "2016.09.22"]

1. e4 e5 2. Nf3 Nc6 3. Bb5 a6 4. Ba4 d6 5. c3 Nf6 6. d3 g6 7. O-O Bg7 8. d4 O-O
9. Re1 Bd7 10. Nbd2 Re8 11. Bc2 d5 12. Nxe5 Nxe5 13. dxe5 Rxe5 14. Nf3 Bg4 15.
Bf4 Re6 16. h3 Bxf3 17. Qxf3 dxe4 18. Qe2 Nh5 19. Be3 Re8 20. Rad1 Qe7 21. Qc4
c6 22. Bc5 Qg5 23. Rd7 Re6 24. Be3 Nf4 25. Bxf4 Qxf4 26. g3 Qf5 27. Rxb7 Qxh3
28. Rxe4 Rae8 29. Bb3 Qf5 30. Rf4 Qh3 31. Re4 Qf5 32. Rxe6 Rxe6 33. Qf4 Qxf4 34.
gxf4 Rf6 35. Ra7 Rxf4 36. Rxa6 Bf6 37. Kg2 h5 38. Rxc6 h4 39. Bd5 Kg7 40. Rc4
Rf5 41. Rc6 h3+ 42. Kg3 1/2-1/2

[Event "World Youth Open U18 2016"]
[Site "Khanty-Mansiysk RUS"]
[Date "2016.09.29"]
[Round "7.14"]
[White "Krishna Teja, N"]
[Black "Khodashenas, Mersad"]
[Result "0-1"]
[WhiteTitle "IM"]
[WhiteElo "2268"]
[BlackElo "2394"]
[WhiteFideId "5001498"]
[BlackFideId "12514195"]
[EventDate "2016.09.22"]

1. d4 Nf6 2. c4 e6 3. Nf3 b6 4. g3 Ba6 5. Qc2 Bb7 6. Bg2 c5 7. O-O cxd4 8. Nxd4
Bxg2 9. Kxg2 Qc8 10. Rd1 a6 11. Qb3 Nc6 12. Nxc6 Qxc6+ 13. Qf3 Rc8 14. Qxc6 Rxc6
15. b3 d5 16. cxd5 Nxd5 17. Bb2 f5 18. Nc3 Rxc3 19. Bxc3 Nxc3 20. Rdc1 Nd5 21.
Rc8+ Kf7 22. Ra8 a5 23. f3 Ne3+ 24. Kh1 Rg8 25. Rc1 Bc5 26. Ra7+ Kf6 27. Rd7 Re8
28. a4 Re7 29. Rd8 e5 30. Rc3 Ke6 31. Rcd3 Rc7 32. Re8+ Kf6 33. h4 Bd4 34. f4
Rc1+ 35. Kh2 Ng4+ 36. Kg2 Rg1+ 0-1

[Event "World Youth Open U18 2016"]
[Site "Khanty-Mansiysk RUS"]
[Date "2016.09.29"]
[Round "7.15"]
[White "Barp, Alberto"]
[Black "Wu, Christopher"]
[Result "0-1"]
[WhiteTitle "FM"]
[BlackTitle "FM"]
[WhiteElo "2244"]
[BlackElo "2377"]
[WhiteFideId "872555"]
[BlackFideId "2040875"]
[EventDate "2016.09.22"]

1. d4 d6 2. c4 e5 3. Nc3 exd4 4. Qxd4 Nc6 5. Qd2 Nf6 6. g3 Be6 7. e4 a5 8. b3
Nxe4 9. Nxe4 d5 10. cxd5 Bb4 11. Nc3 Bxd5 12. Qe3+ Qe7 13. Qxe7+ Nxe7 14. Bd2
Bxh1 15. f3 O-O-O 16. Bh3+ Kb8 17. Ne4 Bxd2+ 18. Nxd2 Rhe8 19. O-O-O Nd5 20. Rf1
Nb4 21. a3 Nd3+ 22. Kd1 Re3 23. Ne2 Bxf3 0-1

[Event "World Youth Open U18 2016"]
[Site "Khanty-Mansiysk RUS"]
[Date "2016.09.29"]
[Round "7.16"]
[White "Vergara Jofre, Felipe"]
[Black "Huber, Martin Christian"]
[Result "0-1"]
[BlackTitle "FM"]
[WhiteElo "2115"]
[BlackElo "2356"]
[WhiteFideId "3416291"]
[BlackFideId "1623435"]
[EventDate "2016.09.22"]

1. e4 e5 2. Nf3 Nc6 3. Bc4 Bc5 4. O-O Nf6 5. d4 Bxd4 6. Nxd4 Nxd4 7. f4 d6 8.
fxe5 dxe5 9. Bg5 Qe7 10. Na3 Rg8 11. Kh1 Ne6 12. Bxf6 gxf6 13. c3 Bd7 14. Qe1
Rg6 15. Nc2 O-O-O 16. Ne3 Rdg8 17. b4 Qf8 18. Rd1 h5 19. Nf5 Rxg2 20. Qe3 c5 21.
bxc5 Bc6 22. Bd5 Kb8 23. Bxc6 bxc6 24. Nd6 Qg7 25. Rd2 Qg4 26. c4 Ka8 0-1

[Event "World Youth Open U18 2016"]
[Site "Khanty-Mansiysk RUS"]
[Date "2016.09.29"]
[Round "7.17"]
[White "Rajdeep, Sarkar"]
[Black "Krykun, Yuriy"]
[Result "1-0"]
[WhiteTitle "FM"]
[BlackTitle "FM"]
[WhiteElo "2347"]
[BlackElo "2242"]
[WhiteFideId "25007963"]
[BlackFideId "14140667"]
[EventDate "2016.09.22"]

1. d4 Nf6 2. Nf3 g6 3. Nbd2 c5 4. dxc5 Qa5 5. a3 Qxc5 6. b4 Qc7 7. Bb2 Bg7 8. c4
O-O 9. e3 b6 10. Be2 Bb7 11. O-O d6 12. Qb3 Nbd7 13. Rfd1 Rac8 14. Bc3 Qb8 15.
a4 Ne4 16. Nxe4 Bxe4 17. Bxg7 Kxg7 18. Nd4 Kg8 19. f3 Bb7 20. a5 Ne5 21. axb6
axb6 22. e4 Rcd8 23. Nb5 Bc6 24. Nc3 Nd7 25. Ra2 Nf6 26. Rda1 Qb7 27. Nd5 Nxd5
28. exd5 Bd7 29. Ra7 Qb8 30. Qe3 e6 31. dxe6 Bxe6 32. R7a6 Qc8 33. Qxb6 d5 34.
c5 d4 35. R6a3 Bf5 36. Bd3 Bxd3 37. Rxd3 Qf5 38. Rad1 Rb8 39. Qa5 Ra8 40. Qb5
Rfb8 41. Qc4 Ra4 42. Rb3 Ra2 43. Rbb1 Rc2 44. Qxd4 Qg5 45. Qg4 Qe3+ 46. Kh1 Qe2
47. h3 Rc4 48. Re1 Qa2 49. Qg5 Rbxb4 50. Rxb4 Rxb4 51. c6 Rb1 52. Qd8+ Kg7 53.
Rxb1 Qxb1+ 54. Kh2 Qc1 55. Qd6 h5 56. c7 g5 57. Qe5+ Kg6 58. Qe4+ Kg7 59. Qe5+
Kg6 60. h4 gxh4 61. Qd6+ f6 62. Qd8 1-0

[Event "World Youth Open U18 2016"]
[Site "Khanty-Mansiysk RUS"]
[Date "2016.09.29"]
[Round "7.18"]
[White "Georgiev, Todor"]
[Black "Escalante Ramirez, Brian Sebasti"]
[Result "1-0"]
[BlackTitle "FM"]
[WhiteElo "2197"]
[BlackElo "2302"]
[WhiteFideId "2916088"]
[BlackFideId "3819566"]
[EventDate "2016.09.22"]

1. d4 Nf6 2. c4 e6 3. Nf3 Bb4+ 4. Bd2 Qe7 5. g3 Nc6 6. Bg2 Bxd2+ 7. Nbxd2 d6 8.
O-O a5 9. e3 e5 10. Qc2 O-O 11. Rac1 Nb4 12. Qb1 c5 13. a3 Nc6 14. d5 Nb8 15.
Ne1 Bg4 16. f3 Bd7 17. Nd3 Na6 18. Rfe1 Rfb8 19. f4 Ne8 20. Ne4 f6 21. fxe5 fxe5
22. Rf1 b5 23. cxb5 Rxb5 24. Rf2 Rab8 25. Rcf1 h6 26. Qd1 g6 27. Nxe5 dxe5 28.
d6 Qe6 29. Bh3 1-0

[Event "World Youth Open U18 2016"]
[Site "Khanty-Mansiysk RUS"]
[Date "2016.09.29"]
[Round "7.19"]
[White "Meunier, Clement2"]
[Black "Akhvlediani, Irakli"]
[Result "0-1"]
[WhiteTitle "FM"]
[WhiteElo "2290"]
[BlackElo "2205"]
[WhiteFideId "20667930"]
[BlackFideId "13601938"]
[EventDate "2016.09.22"]

1. e4 c5 2. Nf3 e6 3. b3 b6 4. Bb2 Bb7 5. Qe2 Nf6 6. e5 Ng4 7. d3 Be7 8. Nbd2 f5
9. g3 Nc6 10. Bg2 O-O 11. O-O Qe8 12. d4 cxd4 13. h3 Nh6 14. Nxd4 Nxd4 15. Bxd4
Bxg2 16. Kxg2 Rc8 17. c3 g5 18. a4 Bc5 19. Qd3 Rc7 20. Rad1 0-1

[Event "World Youth Open U18 2016"]
[Site "Khanty-Mansiysk RUS"]
[Date "2016.09.29"]
[Round "7.20"]
[White "Kolver, Chris"]
[Black "Kandil, Adham"]
[Result "1-0"]
[WhiteTitle "CM"]
[BlackTitle "IM"]
[WhiteElo "1991"]
[BlackElo "2277"]
[WhiteFideId "14307820"]
[BlackFideId "10618490"]
[EventDate "2016.09.22"]

1. d4 Nf6 2. c4 e6 3. Nc3 Bb4 4. f3 d5 5. a3 Bxc3+ 6. bxc3 c5 7. cxd5 Nxd5 8.
dxc5 Qa5 9. e4 Nf6 10. Be3 O-O 11. Qb3 Nc6 12. Nh3 e5 13. Nf2 Qc7 14. Be2 Be6
15. Qb5 Nd7 16. Bc4 Bxc4 17. Qxc4 Na5 18. Qb4 Rfc8 19. Nd3 b6 20. cxb6 axb6 21.
O-O Qxc3 22. Rfd1 Qc6 23. Rac1 Qe6 24. Nb2 Rxc1 25. Rxc1 Nb3 26. Rc3 Nbc5 27.
Nd3 Ra4 28. Nxc5 Nxc5 29. Qb2 Qd6 30. Qc2 h6 31. Bxc5 bxc5 32. Qxa4 Qd2 33. Qe8+
Kh7 34. h3 Qxc3 35. Qxf7 Qd4+ 36. Kh2 c4 37. Qf5+ Kg8 38. Qc8+ Kf7 39. Qc7+ Kf6
40. Qc6+ Kg5 41. Kg3 Qa1 42. Qxc4 Qe1+ 43. Kh2 Kf4 44. Qf7+ Ke3 45. Qxg7 h5 46.
Qg5+ Kd4 47. Qxh5 Qc1 48. Qg4 Qxa3 49. h4 1-0

[Event "World Youth Open U18 2016"]
[Site "Khanty-Mansiysk RUS"]
[Date "2016.09.29"]
[Round "7.21"]
[White "Rajkovic, Mladen"]
[Black "Yang, Ching Wei Austin"]
[Result "1-0"]
[BlackTitle "FM"]
[WhiteElo "2275"]
[BlackElo "1997"]
[WhiteFideId "930660"]
[BlackFideId "16300440"]
[EventDate "2016.09.22"]

1. e4 c5 2. Nf3 e6 3. d4 cxd4 4. Nxd4 a6 5. c4 Qc7 6. Nc3 Nf6 7. a3 Nc6 8. Be3
Be7 9. Be2 b6 10. Rc1 O-O 11. O-O Bb7 12. f3 Nxd4 13. Qxd4 Bd6 14. f4 e5 15.
Qxb6 Nxe4 16. Qxc7 Bxc7 17. Nxe4 Bxe4 18. Bf3 Bxf3 19. Rxf3 a5 20. b4 axb4 21.
axb4 Rab8 22. Bd2 exf4 23. Rd3 Rfd8 24. Re1 Kf8 25. b5 f6 26. Bb4+ d6 27. Kf1
Kf7 28. Ra1 Ra8 29. Rxa8 Rxa8 30. Bxd6 Bxd6 31. Rxd6 Rc8 32. Rd4 g5 33. Ke2 Ke6
34. Kd3 Rc5 35. Kc3 Ke5 36. Rd1 g4 37. Kb4 Rc8 38. b6 f3 39. gxf3 gxf3 40. c5 f2
41. b7 Rg8 42. c6 Ke4 43. Rf1 Ke3 44. Rxf2 Kxf2 45. c7 1-0

[Event "World Youth Open U18 2016"]
[Site "Khanty-Mansiysk RUS"]
[Date "2016.09.29"]
[Round "7.22"]
[White "Patrascu, Catalin-Lucian"]
[Black "Christiansen, Johan-Sebastian"]
[Result "0-1"]
[WhiteTitle "FM"]
[BlackTitle "IM"]
[WhiteElo "2263"]
[BlackElo "2413"]
[WhiteFideId "1229052"]
[BlackFideId "1512668"]
[EventDate "2016.09.22"]

1. c4 e5 2. Nc3 Nc6 3. Nf3 Nf6 4. e3 Bb4 5. Qc2 O-O 6. Nd5 Bc5 7. a3 a5 8. b3 h6
9. Bb2 d6 10. Be2 Re8 11. Nxf6+ Qxf6 12. Rg1 Bf5 13. Qc3 Bg6 14. g4 Re7 15. d3
Rd8 16. O-O-O d5 17. cxd5 Rxd5 18. Kb1 Qd6 19. Ka2 Bb4 20. axb4 Nxb4+ 21. Ka1
Rc5 22. Qd2 Rc2 23. Qe1 Qe6 24. Nd2 a4 25. Nc4 Rxc4 26. bxc4 Nc2+ 27. Ka2 Nxe1
28. Rgxe1 0-1

[Event "World Youth Open U18 2016"]
[Site "Khanty-Mansiysk RUS"]
[Date "2016.09.29"]
[Round "7.23"]
[White "Erenberg, Ariel"]
[Black "Petrovskis, Olegs"]
[Result "1-0"]
[WhiteTitle "FM"]
[WhiteElo "2350"]
[BlackElo "2159"]
[WhiteFideId "2811634"]
[BlackFideId "11603186"]
[EventDate "2016.09.22"]

1. d4 d5 2. c4 c6 3. Nf3 Nf6 4. Nc3 e6 5. e3 Nbd7 6. Qc2 Bd6 7. Bd3 O-O 8. O-O
dxc4 9. Bxc4 e5 10. h3 h6 11. a3 exd4 12. exd4 Nb6 13. Ba2 Nbd5 14. Nxd5 cxd5
15. Ne5 Qb6 16. Qd3 Be6 17. Bf4 Rac8 18. b4 Ne4 19. Rac1 a5 20. b5 Rc7 21. Rxc7
Qxc7 22. Rc1 Qe7 23. a4 Qf6 24. Qe3 Bb4 25. Nf3 Re8 26. Rc7 Qd8 27. Rxb7 Nc3 28.
Rb8 Bc8 29. b6 Ne2+ 30. Kf1 Rxe3 31. fxe3 1-0

[Event "World Youth Open U18 2016"]
[Site "Khanty-Mansiysk RUS"]
[Date "2016.09.29"]
[Round "7.24"]
[White "Gretz, Denis"]
[Black "Khusenkhojaev, Mustafokhuja"]
[Result "1/2-1/2"]
[WhiteElo "2339"]
[BlackElo "2212"]
[WhiteFideId "12945188"]
[BlackFideId "14700727"]
[EventDate "2016.09.22"]

1. e4 e5 2. Nf3 Nc6 3. Bb5 a6 4. Bxc6 dxc6 5. O-O f6 6. d4 exd4 7. Nxd4 c5 8.
Nb3 Qxd1 9. Rxd1 Bd7 10. Bf4 O-O-O 11. Nc3 Be6 12. Rxd8+ Kxd8 13. Rd1+ Kc8 14.
Nd5 Bxd5 15. Rxd5 b6 16. Rd1 Ne7 17. Nd2 Nc6 18. Be3 Be7 19. Kf1 Re8 20. c3 a5
21. a4 Ne5 22. f4 Nf7 23. Ke2 Nd6 24. Kf3 Kb7 25. h4 Kc6 26. g4 b5 27. axb5+
Kxb5 28. Nf1 a4 29. Ng3 Nc4 30. Bc1 Kc6 31. Nf5 Bf8 32. Ne3 Nd6 33. c4 Nxe4 34.
Rd3 Nd6 35. Ra3 Ra8 36. b3 Rb8 37. bxa4 Rb1 38. Bd2 Rb2 39. Bc3 Rh2 40. Be1 Rb2
41. a5 Rb1 42. a6 Rb8 43. Bc3 Ra8 44. Ke2 Re8 45. Ra4 Kb6 46. a7 Kb7 47. Kd3 c6
48. a8=Q+ 1/2-1/2

[Event "World Youth Open U18 2016"]
[Site "Khanty-Mansiysk RUS"]
[Date "2016.09.29"]
[Round "7.25"]
[White "Sadubayev, Airat"]
[Black "Holtman, Teodor"]
[Result "1-0"]
[WhiteElo "2231"]
[BlackElo "2201"]
[WhiteFideId "13713264"]
[BlackFideId "14933721"]
[EventDate "2016.09.22"]

1. e4 c6 2. d4 Na6 3. Nc3 Nc7 4. g3 g6 5. Bg2 Bg7 6. Nge2 d6 7. O-O Nh6 8. h3
O-O 9. Be3 f6 10. Qd2 Nf7 11. f4 d5 12. e5 Re8 13. Rad1 Bf8 14. Na4 f5 15. Nc5
e6 16. Nd3 b6 17. Kh2 Qd7 18. c3 Ba6 19. Bf3 Be7 20. Rg1 Kg7 21. g4 Rg8 22. Ng3
Kh8 23. Rg2 Rg7 24. Rdg1 Rag8 25. Ne1 Qd8 26. Bd1 Bc8 27. Nf3 Ba6 28. Bc2 Qd7
29. Nh1 Bc8 30. Nf2 Qd8 31. Nd1 h6 32. Bf2 g5 33. gxf5 exf5 34. Ne3 g4 35. Ne1
h5 36. Nxf5 Bxf5 37. Bxf5 Nh6 38. Bd3 Qd7 39. h4 Nf5 40. Bxf5 Qxf5 41. Bg3 Ne6
42. Rf1 Rf7 43. Nc2 Ng7 44. Ne3 Qe4 45. f5 Rxf5 46. Nxf5 Nxf5 47. Rf4 Nxg3 48.
Kxg3 Qg6 49. Rh2 Qb1 50. Rf7 Bf8 51. Rhf2 Qh1 52. Qc2 Qh3+ 53. Kf4 Qxh4 1-0

[Event "World Youth Open U18 2016"]
[Site "Khanty-Mansiysk RUS"]
[Date "2016.09.29"]
[Round "7.26"]
[White "Gong, Patrick"]
[Black "Ramacker, Quinten"]
[Result "1-0"]
[WhiteElo "2143"]
[BlackElo "1947"]
[WhiteFideId "3222500"]
[BlackFideId "210404"]
[EventDate "2016.09.22"]

1. e4 c5 2. c3 d5 3. exd5 Qxd5 4. d4 Nc6 5. Nf3 e5 6. Nxe5 Nxe5 7. dxe5 Qxe5+ 8.
Be3 Nf6 9. Bb5+ Bd7 10. Bxd7+ Nxd7 11. Nd2 Be7 12. Qf3 Qc7 13. Bf4 Qb6 14. O-O-O
O-O 15. Rhe1 Bd6 16. Bxd6 Qxd6 17. Ne4 Qe6 18. Kb1 Ne5 19. Qh5 g6 20. Qh4 Qf5
21. g4 Qf4 22. Ng5 h5 23. Re4 Qf6 24. gxh5 Nf3 25. Nxf3 Qxf3 26. Qg4 Qxg4 27.
Rxg4 Kg7 28. Rd7 Kf6 29. hxg6 fxg6 30. Rxb7 Rae8 31. Rf4+ Kg5 32. Rc4 Re2 33.
Rxc5+ Kh6 34. f4 Rf2 35. Rc4 Re8 36. a4 Ree2 37. h4 Rh2 38. Rc8 Kh5 39. Rg8 Re6
40. f5 1-0

[Event "World Youth Open U18 2016"]
[Site "Khanty-Mansiysk RUS"]
[Date "2016.09.29"]
[Round "7.27"]
[White "Sukovic, Andrej"]
[Black "Weerasinghe, C C"]
[Result "1-0"]
[WhiteElo "2114"]
[BlackElo "1884"]
[WhiteFideId "16502310"]
[BlackFideId "9921087"]
[EventDate "2016.09.22"]

1. e4 c5 2. Nf3 Nc6 3. d4 cxd4 4. Nxd4 e5 5. Nb5 d6 6. a4 a6 7. N5a3 Be7 8. Nc3
Nf6 9. Bg5 Be6 10. Bc4 O-O 11. Bxf6 Bxf6 12. Nd5 Bg5 13. O-O Rc8 14. c3 Kh8 15.
Qe2 f5 16. Nb6 Bxc4 17. Naxc4 Rc7 18. Rad1 Be7 19. Nd5 f4 20. Nxc7 Qxc7 21. f3
Rf6 22. Rd2 Rh6 23. Rfd1 Nd8 24. a5 Nf7 25. b4 g5 26. Nb6 Bf8 27. Qc4 Qe7 28.
Qc8 Kg7 29. Nd5 Qe6 30. Qxe6 Rxe6 1-0

[Event "World Youth Open U18 2016"]
[Site "Khanty-Mansiysk RUS"]
[Date "2016.09.29"]
[Round "7.28"]
[White "Oner, Oguz"]
[Black "Helander, Benjamin"]
[Result "1-0"]
[WhiteElo "1962"]
[BlackElo "1892"]
[WhiteFideId "6329330"]
[BlackFideId "514101"]
[EventDate "2016.09.22"]

1. Nf3 Nf6 2. g3 g6 3. b3 Bg7 4. Bb2 c5 5. c4 O-O 6. Bg2 Nc6 7. O-O e6 8. d4
cxd4 9. Nxd4 d5 10. cxd5 Nxd5 11. Nxc6 bxc6 12. Bxg7 Kxg7 13. Qd4+ Qf6 14. Qxf6+
Kxf6 15. Rc1 Bb7 16. e4 Nc7 17. Nd2 e5 18. Nc4 Nb5 19. f4 exf4 20. gxf4 Nd4 21.
Kf2 Rfd8 22. e5+ Ke6 23. Nd6 Rab8 24. Ke3 Nb5 25. Nxb7 Rxb7 26. Bxc6 Rb6 27.
Bxb5 Rxb5 28. Rd1 Rc8 29. Rac1 Rbc5 30. Rxc5 Rxc5 31. Rd6+ 1-0

[Event "World Youth Open U18 2016"]
[Site "Khanty-Mansiysk RUS"]
[Date "2016.09.29"]
[Round "7.29"]
[White "Maltezeanu, Stefan"]
[Black "Ding, Tze How Dilwen"]
[Result "1/2-1/2"]
[BlackTitle "FM"]
[WhiteElo "1734"]
[BlackElo "2397"]
[WhiteFideId "4004655"]
[BlackFideId "5707641"]
[EventDate "2016.09.22"]

1. e4 c5 2. Nf3 e6 3. d4 cxd4 4. Nxd4 Nc6 5. Nc3 a6 6. g3 Qc7 7. Bg2 Nf6 8. O-O
Nxd4 9. Qxd4 Bc5 10. Qd3 d6 11. Be3 Bxe3 12. Qxe3 Bd7 13. Rad1 Bc6 14. Rfe1 O-O
15. e5 dxe5 16. Qxe5 Qxe5 17. Rxe5 Bxg2 18. Kxg2 Rfd8 19. Rc5 Rxd1 20. Nxd1 Rd8
21. Ne3 Kf8 22. Rc7 Rd7 23. Rxd7 Nxd7 24. Nc4 Ke7 25. Kf3 b5 26. Nd2 f5 27. Ke3
Kd6 28. h4 Nf6 29. Kd3 e5 30. a4 Kd5 31. axb5 axb5 32. Nf1 e4+ 33. Ke2 Ke5 34.
c3 h6 35. Ne3 Nd7 36. Nc2 Nc5 37. Nd4 Na4 38. Nxb5 Nxb2 39. Nc7 g5 40. hxg5 hxg5
41. Ne8 f4 42. gxf4+ gxf4 43. Nc7 f3+ 44. Kd2 Nc4+ 45. Ke1 Na3 46. Ne8 Nc4 47.
Nc7 Na3 48. Ne8 Nc2+ 49. Kd2 Na3 50. Ke1 Nc2+ 51. Kd2 Na3 1/2-1/2

[Event "World Youth Open U18 2016"]
[Site "Khanty-Mansiysk RUS"]
[Date "2016.09.29"]
[Round "7.30"]
[White "Shih, Yu-An"]
[Black "Kenenbaev, Aidar"]
[Result "0-1"]
[WhiteElo "1493"]
[BlackElo "2143"]
[WhiteFideId "16300645"]
[BlackFideId "13801180"]
[EventDate "2016.09.22"]

1. e4 c5 2. Nc3 d6 3. f4 Nc6 4. Nf3 g6 5. Bc4 Bg7 6. d3 e6 7. O-O Nge7 8. Qe1 h6
9. Bb3 a6 10. a4 Nd4 11. Nxd4 cxd4 12. Ne2 O-O 13. Qh4 Nc6 14. Qxd8 Rxd8 15. Bd2
Bd7 16. Ng3 a5 17. Rf2 Ne7 18. Kf1 Rdc8 19. Kg1 Rc5 20. Rff1 Rac8 21. Rfc1 Nc6
22. c4 Nb4 23. Bxb4 axb4 24. Bd1 h5 25. b3 Bh6 26. Ne2 e5 27. g3 Bg4 28. Rcb1
Bxe2 29. Bxe2 exf4 30. Kg2 fxg3 31. hxg3 Be3 32. Rf1 Kg7 33. Rf3 Bg5 34. Raf1
R5c7 35. Kh2 Re8 36. Bd1 Re6 37. Kg2 Bf6 38. R3f2 Be5 39. Kh3 Re8 40. Rh1 Rh8
41. Kg2 Rcc8 42. Be2 b6 43. Bd1 Rcf8 44. Be2 f6 45. Bd1 Rh6 46. Rff1 Rfh8 47. g4
hxg4 48. Rxh6 Rxh6 49. Rh1 Rxh1 50. Kxh1 f5 51. exf5 gxf5 52. Kg2 Kf6 53. Kf2
Kg5 54. Be2 f4 55. Bd1 f3 56. Kg1 Kf4 57. Kf2 Bf6 58. Kg1 g3 59. Kf1 Ke3 60. Kg1
Bh4 0-1